Loading...
| Fine Arts - Classical Music | 0 | 8 | 0 | 1 | 80 | 32 | 88.00 | 7 | 8 |
| Literature - European Literature | 0 | 7 | 0 | 0 | 70 | 86 | 108.14 | 4 | 7 |
| Literature - British Literature | 0 | 6 | 0 | 0 | 60 | 81 | 107.17 | 4 | 6 |
| Literature - World Literature | 0 | 6 | 0 | 1 | 60 | 63 | 99.17 | 5 | 6 |
| Literature - American Literature | 0 | 6 | 1 | 0 | 55 | 79 | 98.50 | 4 | 6 |
| Fine Arts - Painting and Sculpture | 0 | 3 | 0 | 0 | 30 | 59 | 74.33 | 3 | 3 |
| Fine Arts - Other Fine Arts | 0 | 3 | 1 | 0 | 25 | 42 | 95.33 | 1 | 3 |
| Science - Physics | 0 | 1 | 0 | 0 | 10 | 77 | 77.00 | 1 | 1 |
| Other Academic | 0 | 1 | 0 | 0 | 10 | 126 | 126.00 | 0 | 1 |
| Social Science | 0 | 0 | 0 | 0 | 0 | 0.00 | 0 | 0 | |
| History - European History | 0 | 0 | 1 | 0 | -5 | 0.00 | 0 | 0 |